| 000 | 00884nam a22001937a 4500 | ||
|---|---|---|---|
| 008 | 110828s2001 ua||||| |||| 00| 0 ara d | ||
| 020 | _a9770170704 | ||
| 082 |
_222 _a297.12 _bت ج ا |
||
| 100 | 1 |
_926953 _aالتجانى ، صلاح الدين |
|
| 245 |
_aالنجوم السائرة فى القراءات العشر المتواترة / _cصلاح الدين التجانى |
||
| 260 |
_aالقاهرة : _bالهيئة المصرية العامة للكتاب ، _c2001. |
||
| 300 |
_a577 ص ؛ _c24 سم. |
||
| 490 | 0 |
_916759 _aالتراث ؛ |
|
| 650 | 0 |
_926954 _aقرآن _xالقراءات العشر |
|
| 650 | 0 |
_926468 _aالقرأن _xتجويد |
|
| 653 |
_bGeneral _cAugust2011 |
||
| 942 |
_2ddc _cBB |
||
| 999 |
_c15934 _d15934 |
||